书目信息 |
| 书名: | The tragedy of Macbeth | |
| 作者: | ||
| 分册号: | ||
| 分册名: | 出版地: | New York : |
|
| 出版社: | Airmont Pub. Co., Inc | |
| 出版时间: | 1965. | |
| 页数: | xxxvii, 120 p. : | |
| 开本: | 20020930 | |
| 丛书名: | ||
| 中图分类号: | ||
| 科图分类号: | ||
| 其他分类号: | H319.4 | |
| 主题词: | ||
| 电子资源: | ||
| 000 | 00719nam 2200205 a 4500 | |
| 001 | E0736786553 | |
| 005 | 20070210102124.81 | |
| 008 | uu | |
| 020 | @cCNY0.60. | |
| 040 | @aNLC | |
| 049 | @aN5LA | |
| 090 | @a2/I561.33/SWG/////////*961779/-80/ 2cop. | |
| 090 | @aH319.4 | |
| 096 | @aI561.33 @v2 | |
| 099 | @dH319.4@ex493 | |
| 100 | 1 | @aShakespeare, William, @d1564-1616. |
| 245 | 14 | @aThe tragedy of Macbeth |
| 260 | @aNew York :@bAirmont Pub. Co., Inc.,@c1965. | |
| 300 | @axxxvii, 120 p. :@b00 ;@c20020930@lNLC09@h2244 :@b40 ;@c20021224@lNLC09@h0642 :@b40 ;@c20021224@lNLC09@h0642 :@b40 ;@c20021224@lNLC09@h0719 :@b40 ;@c20021224@lNLC09@h0719@lNLC09@h2232@lNLC09@h1824 | |
| 852 | 9 | @bWWJC @cJ08S @k2 @hI561.33 @iSWG |
| The tragedy of Macbeth.-New York : : Airmont Pub. Co., Inc., , 1965. |
| xxxvii, 120 p. : : 00 ; ; 20020930 : 40 ; ; 20021224 : 40 ; ; 20021224 : 40 ; ; 20021224 : 40 ; ; 20021224 |
| ISBN CNY0.60. |
| ● |
| 相关链接 |
|
|
|
|
正题名:tragedy of Macbeth
索取号:H319.4/x493
 
预约/预借
| 序号 | 登录号 | 条形码 | 馆藏地/架位号 | 状态 | 备注 |
| 1 | 68561 | 000445799 | 第四借阅区/ [索取号:H319.4/x493] | 在馆 | |
| 2 | 68562 | 000445833 | 第四借阅区/ [索取号:H319.4/x493] | 在馆 | |
| 3 | 68563 | 000445753 | 第四借阅区/ [索取号:H319.4/x493] | 在馆 |